Social welfare : (Record no. 3303)
[ view plain ]
| 000 -LEADER | |
|---|---|
| fixed length control field | 01268cam a2200181 a 4500 |
| 020 ## - INTERNATIONAL STANDARD BOOK NUMBER | |
| ISBN | 0205503470 |
| 022 ## - INTERNATIONAL STANDARD SERIAL NUMBER | |
| ISSN | 9780205503476 |
| 050 00 - CALL NUMBER | |
| Classification number | HV95 |
| Item number | .D61 |
| 100 1# - AUTHOR | |
| Personal name | DiNitto, Diana M. |
| 245 10 - TITLE | |
| Title | Social welfare : |
| Remainder of title | politics and public policy : with research navigator / |
| Statement of responsibility, etc | Diana M. DiNitto. |
| 250 ## - EDITION | |
| Edition statement | 6th ed. / |
| 260 ## - PUBLICATION INFORMATION | |
| Place of publication | Boston : |
| Name of publisher | Pearson/Allyn and Bacon, |
| Year of publication | c2007. |
| 300 ## - DESCRIPTION | |
| Number of Pages | lxii, 562 p. : |
| Other physical details | ill. ; |
| Dimensions | 25 cm. |
| 505 ## - FORMATTED CONTENTS NOTE | |
| Table of Content | Politics, rationalism, and social welfare --<br/>Government and social welfare --<br/>Defining poverty: where to begin --<br/>Preventing poverty: the social insurance programs --<br/>Helping the "deserving poor": aged, blind, and disabled --<br/>Ending welfare as we knew it: temporary assistance for needy families --<br/>Fighting hungar, fighting fat: nutrition policy and programs in the United States --<br/>Improving healthcare: treating the nation's ills --<br/>Changing paradigms: the poverty wars --<br/>Providing social services: help for children, the elderly, and individuals with mental illness --<br/>Addressing civil rights and social welfare: the challenges of a diverse society --<br/>Implementing and evaluating social welfare policy: what happens after a law is passed. |
| 650 #0 - SUBJECTS | |
| Topical Term | Public welfare |
| 700 1# - OTHER AUTHORS | |
| Personal name | Cummins, Linda K. |
| 942 ## - ADDED ENTRY ELEMENTS (KOHA) | |
| Koha item type | Books |
| Withdrawn status | Lost status | Collection code | Home library | Current library | Shelving location | Date acquired | Full call number | Accession Number | Copy number | Koha item type |
|---|---|---|---|---|---|---|---|---|---|---|
| Reference | Methodist University Library Main | Methodist University Library Main | General Stacks | HV95 .D61 | 37782 | 1 | Books |